| 000 | 00821nas a2200277 4500 | ||
|---|---|---|---|
| 001 | BR2016001144 | ||
| 003 | BR-BrBNA | ||
| 005 | 20231205130235.0 | ||
| 007 | ta | ||
| 008 | 230509b bl.|||p| |||| 00| 00por d | ||
| 040 |
_aBR-BrBNA _bpor _cBiblioteca Nacional de Agricultura |
||
| 041 | _a(En) | ||
| 072 | _aF62; F03 | ||
| 100 | 1 | _aSantos, M.A.C. dos | |
| 100 | 1 | _aQueiróz, M.A. de | |
| 100 | 1 | _aBispo, J. de S. | |
| 100 | 1 | _aDantas, B.F. | |
| 245 | 1 | _aSeed germination of Brazilian guava (Psidium guineense Swartz.) | |
| 650 | _aRECURSO GENETICO | ||
| 650 | _aMYRTACEAE | ||
| 650 | _aTESTE DE VIGOR | ||
| 650 | _aSEMENTE | ||
| 773 | 0 |
_tJournal of Seed Science (Brazil) _xISSN 2317-1537 _g(Dec 2015), v. 37(4) p. 214-221 _wBR2016001144 |
|
| 909 |
_a202311 _bLúcia _c55 _dLúcia Elande |
||
| 942 |
_2AGRIS _n0 _cANA |
||
| 999 |
_c248410 _d248410 |
||